| 000 | 00774nam a2200217 4500 | ||
|---|---|---|---|
| 001 | 136961 | ||
| 003 | ES-MaACL | ||
| 007 | t| | ||
| 008 | 070214s1982 sp r ||||1| spa d | ||
| 100 | 1 |
_aSaint-Hamont, Daniel. _9101527 |
|
| 245 | 1 | 3 |
_aEl gran perdón _b: novela / _cDaniel Saint-Hamont ; de una idea original de Alexandre Arcady ; con la colaboración en el guión de Alain Le Henry ; traducción de Mina Pedrós. |
| 260 |
_aBarcelona : _bPlaneta, _c1982. |
||
| 300 |
_a203 p. ; _c21 cm. |
||
| 490 | 1 |
_aCol. contemporánea ; _v19 |
|
| 700 | 1 |
_aArcady, Alexandre. _922433 |
|
| 700 | 1 |
_aLe Henry, Alain. _970892 |
|
| 700 | 1 |
_aPedrós, Mina. _989940 |
|
| 830 | 0 |
_aCol. contemporánea ; _v19 _9186578 |
|
| 852 |
_aES-MaACL _jL-6556 _bR.107332 |
||
| 999 |
_c136961 _d136961 |
||